Diary of a Time-Traveling Soldier: Europe Capitals Quiz - Statistics

General Stats
  • This quiz has been taken 33 times
  • The average score is 19 of 25
Answers on the Map
Answers color-coded by a green-red scale on the quiz's map according to % correct below.
 
Answer Stats
Country Capital % Correct
Ireland Dublin
100%
Western European Republic London
100%
Western European Republic Madrid
100%
Western European Republic Paris
100%
Rusoslav Empire Moscow
96%
Rome Rome
96%
Scandinavian Union Stockholm
96%
Greece Athens
92%
Turkey Ankara
88%
Hungary Budapest
88%
Sicily Naples
88%
Bosnia Sarajevo
85%
Serbia Belgrade
81%
Venice Venice
81%
Western European Republic Frankfurt
77%
Albania Tirana
77%
East Macedonia Sofia
73%
Moravia Vienna
69%
Wallachia Bucharest
65%
Varna Varna
58%
Switzerland Basel
54%
Transylvania Cluj-Napoca
38%
Tarnovo Veliko Tarnovo
38%
Dobruja Constanța
31%
Moldavia Brăila
15%
No matching quizzes found
Score Distribution
Percent of People with Each Score
Percentile by Number Answered
Your Score History
You have not taken this quiz